مكتبة جامعة عجلون الوطنية

فهرس بحث المكتبة

Normal view MARC view
  • الموصلي، مجد الدين عبد الله بن محمود ؛ ضبط واخراج عبد الكريم بن رسمي آل الدريني

Entry Personal Name

Number of records used in: 1

001 - CONTROL NUMBER

  • control field: 42149

003 - CONTROL NUMBER IDENTIFIER

  • control field: JO-AjAnu

005 - DATE AND TIME OF LATEST TRANSACTION

  • control field: 20230606081009.0

008 - FIXED-LENGTH DATA ELEMENTS

  • fixed length control field: 230606|| aca||aabn | a|a d

040 ## - CATALOGING SOURCE

  • Original cataloging agency: JO-AjAnu
  • Transcribing agency: JO-AjAnu

100 ## - HEADING--PERSONAL NAME

  • Personal name: الموصلي، مجد الدين عبد الله بن محمود ؛ ضبط واخراج عبد الكريم بن رسمي آل الدريني

670 ## - SOURCE DATA FOUND

  • Source citation: Work cat.: (JO-AjAnu)21594: الموصلي، مجد الدين عبد الله بن محمود ؛ ضبط واخراج عبد الكريم بن رسمي آل الدريني, author, الإختيار لتعليل المختار، ج2